U.S. Cities with the Most Park Area - Statistics

General Stats
  • This quiz has been taken 14 times
  • The average score is 21 of 26
Answer Stats
Area (acres) City State % Correct
914,138 Anchorage Alaska
100%
57,141 Honolulu Hawaii
100%
17,694 Austin Texas
92%
20,953 Charlotte North Carolina
92%
20,352 Dallas Texas
92%
43,032 Houston Texas
92%
67,707 Jacksonville Florida
92%
17,020 Las Vegas Nevada
92%
33,578 Nashville Tennessee
92%
27,775 New Orleans Louisiana
92%
40,190 New York New York
92%
47,917 Phoenix Arizona
92%
14,656 Portland Oregon
92%
39,385 San Diego California
92%
27,018 Albuquerque New Mexico
85%
37,028 Los Angeles California
85%
18,526 Oklahoma City Oklahoma
85%
33,018 San Antonio Texas
85%
28,312 Virginia Beach Virginia
85%
31,053 El Paso Texas
77%
17,771 Kansas City Missouri
77%
17,750 Louisville Kentucky
69%
17,192 San Jose California
69%
56,560 Chesapeake Virginia
38%
31,474 Scottsdale Arizona
31%
24,454 Fremont California
8%
No matching quizzes found
Score Distribution
Percent of People with Each Score
Percentile by Number Answered
Your Score History
You have not taken this quiz